000 00277nam a2200109Ia 4500
008 200302s9999 xx 000 0 und d
100 _aR Nath
245 _aA G R A and Its Monuments
260 _bThe Histrical Research Documention Programme
260 _c1997
300 _a188 P.,
999 _c2495
_d2495